भारतीय शास्त्रज्ञ (Record no. 337200)

MARC details
000 -LEADER
fixed length control field 00564nam a2200169Ia 4500
008 - FIXED-LENGTH DATA ELEMENTS--GENERAL INFORMATION
fixed length control field 090711s9999 xx 000 0 und d
082 ## - DEWEY DECIMAL CLASSIFICATION NUMBER
Item number 1251
100 ## - MAIN ENTRY--PERSONAL NAME
Personal name Sोंदवणकर सदानंद
245 ## - TITLE STATEMENT
Title भारतीय शास्त्रज्ञ
260 ## - PUBLICATION, DISTRIBUTION, ETC. (IMPRINT)
Date of publication, distribution, etc 1964
300 ## - PHYSICAL DESCRIPTION
Extent 90
600 ## - SUBJECT ADDED ENTRY--PERSONAL NAME
Personal name Sोंदवणकर सदानंद
630 ## - SUBJECT ADDED ENTRY--UNIFORM TITLE
Uniform title भारतीय शास्त्रज्ञ
700 ## - ADDED ENTRY--PERSONAL NAME
Personal name Sोंदवणकर सदानंद
730 ## - ADDED ENTRY--UNIFORM TITLE
Uniform title भारतीय शास्त्रज्ञ
942 ## - ADDED ENTRY ELEMENTS (KOHA)
Koha item type Book

No items available.